[Event "Fouesnant op 13th"]
[Site "Fouesnant"]
[Date "2007.10.28"]
[Round "2"]
[White "Lieutaud, Marcel"]
[Black "Le Guichaoua, Roger"]
[Result "0-1"]
[WhiteElo "1470"]
[BlackElo "1730"]
[PlyCount "59"]
[EventDate "2007.10.27"]
[EventType "swiss"]
[EventRounds "9"]
[EventCountry "FRA"]
[SourceTitle "EXT 2008"]
[Source "ChessBase"]
[SourceDate "2007.11.25"]
[SourceVersion "1"]
[SourceVersionDate "2007.11.25"]
[SourceQuality "1"]

1. d4 Nf6 2. c4 e6 3. Nf3 d5 4. Nc3 c6 5. e3 Bd6 6. cxd5 exd5 7. Be2 0-0 8. 0-0 Re8 9. Qc2 Qc7 10. h3 Ne4 11. Bd3 Qe7 12. Bd2 Bf5 13. Be1 Nd7 14. Qe2 Bg6 15. Nd2 Ndf6 16. Rd1 Bh5 17. f3 Nxc3 18. bxc3 Qxe3+ 19. Qxe3 Rxe3 20. Nb1 Rae8 21. c4 dxc4 22. Bxc4 Bg6 23. Bf2 R3e7 24. Nc3 Bb4 25. Nb1 Nd5 26. Bxd5 cxd5 27. a3 Ba5 28. Nd2 Re2 29. Nb3 Bc7 30. Rc1 0-1

[Event "Finistere-ch"]
[Site "Finistere"]
[Date "2002.11.09"]
[Round "2"]
[White "Lieutaud, Marcel"]
[Black "Delaire, Eric"]
[Result "0-1"]
[WhiteElo "1499"]
[BlackElo "1850"]
[PlyCount "75"]
[EventDate "2003.10.19"]
[EventType "swiss"]
[EventRounds "7"]
[EventCountry "FRA"]
[SourceTitle "EXT 2008"]
[Source "ChessBase"]
[SourceDate "2007.11.25"]
[SourceVersion "1"]
[SourceVersionDate "2007.11.25"]
[SourceQuality "1"]

1. d4 Nf6 2. Nf3 g6 3. Bf4 Bg7 4. e3 0-0 5. Be2 d6 6. c3 Bd7 7. Nbd2 c6 8. Bg5 Na6 9. Bxa6 bxa6 10. 0-0 Rb8 11. Nb3 a5 12. Rb1 Bf5 13. Ra1 h6 14. Bxf6 Bxf6 15. Qe2 a4 16. Nc1 Qa5 17. e4 Bc8 18. Qe3 Bg7 19. Re1 Rxb2 20. Re2 Rxe2 21. Nxe2 Ba6 22. Nc1 Rb8 23. Qd2 c5 24. a3 cxd4 25. Nxd4 Bxd4 26. Qxd4 Qb5 27. h3 Qf1+ 28. Kh2 Rb2 29. Kg3 Qb5 30. Qxa7 Qe5+ 31. Kf3 Qxc3+ 32. Qe3 Qf6+ 33. Qf4 Rxf2+ 34. Kxf2 Qxf4+ 35. Kg1 Qxe4 36. Na2 Bb7 37. Kf1 Qxg2+ 38. Ke1 0-1